000
00283nam a22001337a 4500
008
170525b xxu||||| |||| 00| 0 eng d
020
_a
3486214918
041
_a
eng
080
_a
62
100
_a
26
101
_a
IM
245
_a
SOFTWARE ENGINEERING
_c
GEWALD,K
942
_2
udc
_c
BK
999
_c
14252
_d
14252